Introducción a la filosofía política /
Guardado en:
| Autor Principal: | |
|---|---|
| Formato: | Libro |
| Idioma: | Undetermined |
| Publicado: |
Buenos Aires :
Sudamericana,
1953.
|
| Edición: | 1a. ed. |
| Materias: | |
| Etiquetas: |
Agregar Etiqueta
Sin Etiquetas, Sea el primero en etiquetar este registro!
|
| LEADER | 00574nam a22001935a 4500 | ||
|---|---|---|---|
| 001 | DER.der014955 | ||
| 008 | 231226s1953####ag############000#0#und#d | ||
| 005 | 20231226132733.0 | ||
| 245 | 1 | 0 | |a Introducción a la filosofía política / |c Roger Labrousse. |
| 250 | |a 1a. ed. | ||
| 260 | |a Buenos Aires : |b Sudamericana, |c 1953. | ||
| 300 | |a 331 p. | ||
| 490 | 1 | |v Biblioteca de filosofía | |
| 100 | 1 | |a Labrousse, Roger. | |
| 650 | 7 | |a CIENCIA POLITICA | |
| 650 | 7 | |a SOFISTAS | |
| 650 | 7 | |a TEORIA DE LA VOLUNTAD | |
| 650 | 7 | |a METODOS POLITICOS | |
| 859 | |a DERECHO |b BIB. DERECHO |h 340.1 |i LAB |p 0010289 | ||
